Africa and the International Systems; (Record no. 3695)
[ view plain ]
| 000 -LEADER | |
|---|---|
| fixed length control field | 00573nam a22001937a 4500 |
| 003 - CONTROL NUMBER IDENTIFIER | |
| control field | OSt |
| 005 - DATE AND TIME OF LATEST TRANSACTION | |
| control field | 20160422140713.0 |
| 008 - FIXED-LENGTH DATA ELEMENTS--GENERAL INFORMATION | |
| fixed length control field | 160422b xxu||||| |||| 00| 0 eng d |
| 020 ## - INTERNATIONAL STANDARD BOOK NUMBER | |
| International Standard Book Number | 0521576687. |
| 040 ## - CATALOGING SOURCE | |
| Transcribing agency | DDC. |
| 082 ## - DEWEY DECIMAL CLASSIFICATION NUMBER | |
| Classification number | 327.096.CLA 1996. |
| 100 ## - MAIN ENTRY--PERSONAL NAME | |
| Personal name | Clapham,Christopher; |
| 9 (RLIN) | 8191 |
| 245 ## - TITLE STATEMENT | |
| Title | Africa and the International Systems; |
| Remainder of title | The Politics of State Survival; |
| 260 ## - PUBLICATION, DISTRIBUTION, ETC. (IMPRINT) | |
| Place of publication, distribution, etc. | UK. |
| Name of publisher, distributor, etc. | Cambridge University Press. |
| Date of publication, distribution, etc. | 1996. |
| 300 ## - PHYSICAL DESCRIPTION | |
| Extent | xii,340p; |
| Other physical details | ill; |
| Dimensions | 24cm |
| 504 ## - BIBLIOGRAPHY, ETC. NOTE | |
| Bibliography, etc | includes Notes,bibliography and index. |
| 650 ## - SUBJECT ADDED ENTRY--TOPICAL TERM | |
| Topical term or geographic name as entry element | Political. |
| 9 (RLIN) | 6695 |
| 942 ## - ADDED ENTRY ELEMENTS (KOHA) | |
| Source of classification or shelving scheme | Dewey Decimal Classification |
| Koha item type | Short Loan |
| Withdrawn status | Lost status | Source of classification or shelving scheme | Damaged status | Not for loan | Home library | Current library | Date acquired | Source of acquisition | Inventory number | Total Checkouts | Full call number | Barcode | Date last seen | Price effective from | Koha item type |
|---|---|---|---|---|---|---|---|---|---|---|---|---|---|---|---|
| Dewey Decimal Classification | MUST Main Library | MUST Main Library | 22/04/2016 | 02/17197. | 327.096.CLA 1996. | 2016-1159 | 22/04/2016 | 22/04/2016 | Short Loan |
